Η καταγραφή της Μηλιακής λαϊκής παράδοσης : πρόσωπα και συλλογές 19ος-20ος αιώνας
Saved in:
| Main Author: | |
|---|---|
| Corporate Author: | |
| Other Authors: | , |
| Format: | Thesis Book |
| Language: | Greek |
| Published: |
Ρόδος :
Πανεπιστήμιο Αιγαίου, Τμήμα Δημοτικής Εκπαίδευσης,
2002.
|
| Subjects: | |
| Tags: |
Add Tag
No Tags, Be the first to tag this record!
|
MARC
| LEADER | 00000cam a2200000 i 4500 | ||
|---|---|---|---|
| 001 | 1/58445 | ||
| 008 | 040629s2002 gr | ||| |||| ||gre|| | ||
| 035 | |l 10073945 | ||
| 040 | |a GR-MyUa |b gre |e AACR2 | ||
| 041 | 0 | |a gre | |
| 082 | 7 | |a 390.09495 |2 (21) | |
| 100 | 1 | |a Αρμένη, Ειρήνη. | |
| 245 | 1 | 2 | |a Η καταγραφή της Μηλιακής λαϊκής παράδοσης : |b πρόσωπα και συλλογές 19ος-20ος αιώνας / |c Ειρήνη Αρμένη ; επιβλέπουσα: Μαριάνθη Καπλάνογλου ; συνεπιβλέποντες: Ελένη Σκούρτου, Γεώργιος Κόκκινος. |
| 260 | |a Ρόδος : |b Πανεπιστήμιο Αιγαίου, Τμήμα Δημοτικής Εκπαίδευσης, |c 2002. | ||
| 300 | |a 160 σ. ; |c 30 εκ. | ||
| 502 | |a Πτυχιακή εργασία – Πανεπιστήμιο Αιγαίου, Ρόδος, 2002. | ||
| 504 | |a Περιέχει βιβλιογραφικές αναφορές. | ||
| 610 | 2 | 0 | |a University of the Aegean |x Dissertations. |
| 650 | 0 | |a Folklore |z Greece |z Melos (Municipality) | |
| 650 | 0 | |a Dissertations, Academic |z Greece. | |
| 651 | 0 | |a Melos (Greece : Municipality) | |
| 700 | 1 | |a Καπλάνογλου, Μαριάνθη, |e dgsf | |
| 700 | 1 | |a Σκούρτου, Ελένη, |e dgsf | |
| 700 | 1 | |a Κόκκινος, Γιώργος, |d 1960- |e dgs | |
| 710 | 2 | |a Πανεπιστήμιο Αιγαίου |b Σχολή Ανθρωπιστικών Σπουδών |b Τμήμα Δημοτικής Εκπαίδευσης. | |
| 852 | |a INST |b RHODES |c DIATR |e 20040629 |h 390.09495 ΑΡΜ |p 005400018702 |q 005400018702 |t DIE |y 23 | ||
| 901 | |a BIBL4-2004-2 | ||
| 924 | |a ΑΡΜΕΝΗ |b ΕΙΡΗΝΗ |y Ρόδος |z 2002-07 | ||
| 970 | |a ΚΟΥΛΑΚΙΟΤΗ |b ΛΙΤΣΑ |z 2004/06/29 | ||